00581 a2200157 450000500170000001000150001702000310003203500140006303700130007708200160009024501290010626000540023527000820028930000220037170000300039320211220111351.0 aENG-130411 a978-93-91370-72-5c1495.00 aEN-113943 bDBAD/PUB a327.5054b1 aLinking India and Eastern Neighbours:cEdited by H. Srikanth, Munmun MajumdarbDevelopment in the Nnortheast and Borderlands aNew DelhibSage Publications India Pvt. Ltdc2021 aB-I/I-I Mohan Cooperative, Industrial Area, Mathura Road, bNew Delhie110040 a310p.c22cm (hbk) aEdited By Munmun Majumdar